| 000 | 01014nam a22003137i 4500 | ||
|---|---|---|---|
| 003 | EG-GICUC | ||
| 005 | 20260121101508.0 | ||
| 008 | 251216s1928 uk ||||fr|||| 001 0 eng d | ||
| 040 |
_aEG-GiCUC _beng _cEG-GiCUC _dEG-GiCUC _erda |
||
| 041 | _aeng | ||
| 082 | 0 | 4 |
_221 _a341.22 _bEL . O |
| 092 | 0 | 4 | _221 |
| 099 | _aLaw1 11 341.22 EL . O 1 ed - 1928 | ||
| 100 | 1 |
_aEllis, C. Howard _eAuthor. |
|
| 245 | 1 | 4 |
_aThe Origin, Structure & Working Of The League Of Nations / _cC. Howard-Ellis. |
| 250 | _aFirst Published | ||
| 264 | 1 |
_aLondon : _bGeorge Allen & Unwin, Museum Street, _c1928. |
|
| 300 |
_a528 pages ; _c24 cm. |
||
| 336 |
_2rda content _atext |
||
| 337 |
_2rda media _aComputer |
||
| 338 |
_2rda carrier _aOnline Resource |
||
| 504 | _aInclude Bibliographic references | ||
| 546 | _aText in English | ||
| 650 | 1 | 4 |
_aLeague of Nations _xPublic international law _2qrmak |
| 651 | 1 | _2qrmak | |
| 856 | 4 | 0 | _uhttps://fll.law.cu.edu.eg/fulltext/bks/B11-05015.pdf |
| 905 | _a75 | ||
| 942 |
_2ddc _cBK _e21 _n0 |
||
| 999 |
_c50756 _d50756 |
||